Fifteen Shades of Blue - Sudden Death - Statistics

General Stats
  • This quiz has been taken 3,898 times
  • The average score is 9 of 15
Answers on the Grid
Answers color-coded by a green-red scale on the quiz's grid according to % correct below.
Neon
Ultramarine
Navy
Midnight
Uranian
Sapphire
Azure
Cerulean
Royal
Lapis lazuli
Sky
Cobalt
Baby
Prussian
Cornflower
Bleach
Tortoise
Muscadet
Cardinal
Tonga
Stilton
Fringe
Xanthous
Moccasin
Cinereous
Seashell
Tangram
 
Answer Stats
Answer % Correct
Navy
80%
Sky
78%
Royal
75%
Azure
74%
Sapphire
71%
Baby
70%
Cobalt
69%
Midnight
69%
Ultramarine
64%
Lapis lazuli
61%
Cerulean
57%
Cornflower
44%
Prussian
44%
Neon
38%
Uranian
16%
No matching quizzes found
Score Distribution
Percent of People with Each Score
Percentile by Number Answered
Your Score History
You have not taken this quiz